LDR 00872naa#a2200181#i#450# 001 RU\\bibl\121261 005 20260501232209.5 011 ## _a1994-4683 100 ## _a20230803b2023####ek#y0rusy0150####ca 102 ## _aRU 200 1# _aКОСВЕННАЯ ОЦЕНКА ОБЩЕЙ ФИЗИЧЕСКОЙ ПОДГОТОВЛЕННОСТИ САМБИСТОВ В ПРОЦЕССЕ СОРЕВНОВАТЕЛЬНОГО ПОЕДИНКА _eЖурнальная статья 210 1# _aМосква _cНациональный государственный Университет физической культуры, спорта и здоровья им. П.Ф. Лесгафта _d2023 215 ## _a3 с. 608 ## _aЖурнальная статья _2local 675 ## _aСамбо. 796.814 _z 700 #1 _aВаричева _gА В 700 #1 _aТабаков _gС Е 856 4# _auchzapiski.lesgaft.spb.ru _u